[Event "Oberbayerische Jugend-EM 2014/15  U12w/U14w"]
[Site "Riedenburg"]
[Date "2015.02.18"]
[Round "1"]
[White "Alferova, Ekaterina"]
[Black "Krebs, Vanessa"]
[Result "1-0"]
[BlackElo "781"]
[WhiteElo "1195"]

1.e4 e6 2.d4 Qf6 3.Be3 Bb4+ 4.Nc3 Nh6 5.Qf3 O-O 6.Qxf6 gxf6 7.Bxh6 f5 8.Bxf8 Bxf8
9.exf5 exf5 10.Nf3 b5 11.Nxb5 Bb4+ 12.c3 Bd6 13.Nxd6 cxd6 14.Bd3 f4 15.O-O Ba6 16.Be4
Bxf1 17.Bxa8 Be2 18.Re1 Bxf3 19.Bxf3 Nc6 20.Bxc6 dxc6 21.Re7 c5 22.Rxa7 cxd4 23.cxd4
d5 24.b4 Kg7 25.b5 Kg6 26.b6 Kg5 27.b7 Kg4 28.b8=Q f3 29.Rxf7 fxg2 30.Qg8+ Kh5 31.Rxh7#
  1-0

[Event "Oberbayerische Jugend-EM 2014/15  U12w/U14w"]
[Site "Riedenburg"]
[Date "2015.02.18"]
[Round "1"]
[White "Heinze, Sabrina"]
[Black "Krebs, Jennifer"]
[Result "1-0"]
[BlackElo "926"]
[WhiteElo "1080"]

1.e4 e5 2.Nf3 Nc6 3.Bc4 h6 4.d3 Bc5 5.c3 Nf6 6.Nbd2 d6 7.Nf1 Bg4 8.Ng3 O-O 9.h3 Bd7
10.O-O Re8 11.Be3 Bxe3 12.fxe3 Na5 13.Bb3 Bc6 14.Nd2 d5 15.exd5 Bxd5 16.Bxd5 Nxd5
17.Re1 Re6 18.Qe2 Nf4 19.exf4 exf4 20.Qh5 b6 21.Rxe6 fxe6 22.Nge4 Qxd3 23.Qf3 Qe3+
24.Qf2 Qxf2+ 25.Kxf2 Rd8 26.Rd1 Kf7 27.Ke2 Ke7 28.Nf3 Nb7 29.Rxd8 Kxd8 30.Ne5 Nc5
31.Nxc5 bxc5 32.Nd3 e5 33.Nxe5 Ke7 34.Ng6+ Kd6 35.Nxf4 g5 36.Nd3 h5 37.Kf3 Kd5 38.g4
h4 39.Ke3 a6 40.Nf2 c4 41.Ne4 Ke6 42.Nxg5+ Kf6 43.Nf3 Kg6 44.Nxh4+ Kg5 45.Nf3+ Kg6
46.Kf4 c6 47.g5 a5 48.h4 a4 49.h5+ Kxh5 50.Ne5 c5 51.Kf5 a3 52.bxa3 Kh4 53.g6 Kh5
54.g7 Kh4 55.g8=Q Kh3 56.Kf4 Kh2 57.Kf3 Kh1 58.Qg2#   1-0

[Event "Oberbayerische Jugend-EM 2014/15  U12w/U14w"]
[Site "Riedenburg"]
[Date "2015.02.18"]
[Round "1"]
[White "Shvartsman, Julia"]
[Black "Schmid, Hanna"]
[Result "1-0"]
[BlackElo "937"]
[WhiteElo "1018"]

1.e4 c5 2.Nf3 Nc6 3.d3 g6 4.Be2 Nf6 5.Bg5 Bg7 6.Nc3 O-O 7.Qd2 d6 8.Bh6 Bxh6 9.Qxh6
Ng4 10.Qh4 f6 11.h3 Nge5 12.Qg3 Qe8 13.h4 h5 14.Nxe5 fxe5 15.Bxh5 Nd4 16.O-O-O Rf6
17.Nd5 Qa4 18.Nxf6+ Kf8 19.Nh7+ Ke8 20.Qxg6+ Kd8 21.Qg8+ Kc7 22.Qc4 Bd7 23.Qxa4 Bxa4
24.b3 Bc6 25.Ng5 Rg8 26.Bf7 Rf8 27.c3 Ne2+ 28.Kc2 Be8 29.Ne6+ Kd7 30.Nxf8+ Kc7 31.Bxe8
  1-0

[Event "Oberbayerische Jugend-EM 2014/15  U12w/U14w"]
[Site "Riedenburg"]
[Date "2015.02.18"]
[Round "2"]
[White "Krebs, Vanessa"]
[Black "Schmid, Hanna"]
[Result "0-1"]
[BlackElo "937"]
[WhiteElo "781"]

1.d4 d5 2.c4 Nf6 3.Bg5 h6 4.Bf4 Bf5 5.Qa4+ Nc6 6.e3 e6 7.Be2 Bd6 8.Nf3 O-O 9.O-O Nb4
10.c5 Nc2 11.Qxc2 Bxc2 12.Bb5 Bxf4 13.exf4 c6 14.Rc1 Be4 15.Be2 Qa5 16.Na3 Qb4 17.Nc2
Qxb2 18.Rab1 Qxa2 19.Ra1 Qb3 20.Nd2 Qc3 21.Ra2 Qxd2 22.Raa1 Qxe2 23.Re1 Qxc2 24.f3
Bd3 25.Kh1 Nh5 26.Rad1 Nxf4 27.Rc1 Qxg2#   0-1

[Event "Oberbayerische Jugend-EM 2014/15  U12w/U14w"]
[Site "Riedenburg"]
[Date "2015.02.18"]
[Round "2"]
[White "Krebs, Jennifer"]
[Black "Shvartsman, Julia"]
[Result "0-1"]
[BlackElo "1018"]
[WhiteElo "926"]

1.e4 e5 2.Nf3 d6 3.Nc3 Be7 4.Bb5+ c6 5.Bc4 Bg4 6.h3 Be6 7.Bxe6 fxe6 8.d3 Nd7 9.d4
exd4 10.Nxd4 e5 $4 11.Ne6 Qb6 12.O-O $2 Ngf6 13.Be3 c5 14.Nd5 Nxd5 15.Qxd5 Rg8 $4 16.Rad1 $2
(16.Nc7+ Qxc7 17.Qxg8+ Nf8 18.Qxg7) 16...Nf6 17.Qc4 Qc6 18.Bg5 b5 19.Qd3 c4 20.Qd2
Nxe4 21.Qd5 Qxd5 22.Rxd5 Kd7 23.Bxe7 Kxe6 24.Rxb5 Kxe7 25.Rb7+ Ke6 26.Rb4 a5 27.Rxc4
Nd2 28.Rh4 Nxf1 29.Kxf1 h6 30.g3 a4 31.b3 axb3 32.axb3 Rgc8 33.Rc4 Ra1+ 34.Kg2 Rxc4
35.bxc4 Rc1 36.c3 Rxc3 37.h4 Rxc4 38.Kh2 d5 39.Kg1 d4 40.Kf1 d3 41.Ke1 Rd4 42.Kd2
Kd5 43.Kd1 d2 44.f3 e4 45.fxe4+ Kxe4 46.g4 Ke3 47.g5 Rc4 48.gxh6 Rc1#   0-1

[Event "Oberbayerische Jugend-EM 2014/15  U12w/U14w"]
[Site "Riedenburg"]
[Date "2015.02.18"]
[Round "2"]
[White "Alferova, Ekaterina"]
[Black "Heinze, Sabrina"]
[Result "0-1"]
[BlackElo "1080"]
[WhiteElo "1195"]

1.e4 e5 2.Nf3 Nc6 3.Bc4 Bc5 4.c3 Nf6 5.d3 d6 6.b4 Bb6 7.a4 a6 8.a5 Ba7 9.Qb3 O-O 10.Ng5
Qe7 11.h3 h6 12.Nf3 b5 13.axb6 Bxb6 14.Be3 Bb7 15.Bxb6 cxb6 16.Qd1 Rfd8 17.O-O d5
18.exd5 Nxd5 19.Bxd5 Rxd5 20.Re1 Qc7 21.d4 exd4 22.Nxd4 Nxd4 23.cxd4 Qc6 24.f3 Qc4
25.b5 a5 26.Na3 Qxd4+ 27.Qxd4 Rxd4 28.Re7 Rb8 29.Kf1 Kf8 30.Rc7 Bd5 31.Ke1 Re8+ 32.Kf1
Rd2 33.Rac1 g6 34.R7c2 Rxc2 35.Nxc2 Bc4+ 36.Kg1 Bxb5 37.Na3 Bd3 38.Rc6 Re6 39.Rc8+
Re8 40.Rc6 Rb8 41.Rd6 Bf5 42.Rd5 Ke7 43.Nb5 a4 44.Kf2 Ke6 45.Nc7+ Ke7 46.Rd4 a3 47.Ra4
b5 48.Rxa3 b4 49.Rb3 Be6 50.Nxe6 Kxe6 51.Ke3 Kd5 52.Kd3 Kc5 53.Rb2 Rd8+ 54.Kc2 Kc4
55.f4 Ra8 56.Kd2 b3 57.Kc1 Ra1+ 58.Rb1 Rxb1+ 59.Kxb1 Kc3 60.g4 b2 61.h4 Kd4 62.Kxb2
Ke4 63.f5 gxf5 64.gxf5 Kxf5 65.Kc2 Kg4 66.Kd2 Kxh4 67.Ke2 Kg4 68.Kf2 f5 69.Kg2 h5
70.Kf2 Kf4 71.Kg2 Ke3 72.Kg3 f4+ 73.Kg2 Ke2 74.Kg1 f3   0-1

[Event "Oberbayerische Jugend-EM 2014/15  U12w/U14w"]
[Site "Riedenburg"]
[Date "2015.02.19"]
[Round "3"]
[White "Heinze, Sabrina"]
[Black "Krebs, Vanessa"]
[Result "1-0"]
[BlackElo "781"]
[WhiteElo "1080"]

1.e4 e5 2.Nf3 Bc5 3.Bc4 f6 4.d3 Bb4+ 5.Bd2 Bxd2+ 6.Nbxd2 Ne7 7.O-O f5 8.Nxe5 fxe4
9.Nf7 e3 10.fxe3 Rf8 11.Nxd8 Rxf1+ 12.Qxf1 d5 13.Qf7+ Kd7 14.Bxd5 Kd6 15.Ne4+ Ke5
16.d4#   1-0

[Event "Oberbayerische Jugend-EM 2014/15  U12w/U14w"]
[Site "Riedenburg"]
[Date "2015.02.19"]
[Round "3"]
[White "Shvartsman, Julia"]
[Black "Alferova, Ekaterina"]
[Result "1/2-1/2"]
[BlackElo "1195"]
[WhiteElo "1018"]

1.e4 e5 2.Nf3 Nc6 3.d3 Be7 4.Be3 Nf6 5.d4 exd4 6.Nxd4 Nxe4 7.Nc3 Nxc3 8.bxc3 Bf6 9.Bd3
Nxd4 10.cxd4 Qe7 11.O-O d6 12.Rb1 O-O 13.Qh5 g6 14.Qf3 Bg7 15.Rfe1 Qf6 16.Qg3 b6
17.c3 Qd8 18.Bg5 Bf6 19.Bh6 Re8 20.Rxe8+ Qxe8 21.Qf3 Bf5 22.Bxf5 gxf5 23.Qxf5 Qe6
24.Qxe6 fxe6 25.Re1 Kf7 26.g4 Rg8 27.f3 c5 28.dxc5 Bxc3 29.Rd1 bxc5 30.Rxd6 Ke7 31.Rc6
Bd4+ 32.Kg2 Kd7 33.Ra6 c4 34.Bf4 Bb6 35.Ra3 Rc8 36.Be5 Rc6 37.Kf1   1/2-1/2

[Event "Oberbayerische Jugend-EM 2014/15  U12w/U14w"]
[Site "Riedenburg"]
[Date "2015.02.19"]
[Round "3"]
[White "Schmid, Hanna"]
[Black "Krebs, Jennifer"]
[Result "1-0"]
[BlackElo "926"]
[WhiteElo "937"]

1.e4 e5 2.Nf3 Nc6 3.Bc4 h6 4.d3 Nf6 5.h3 Bc5 6.Be3 Bxe3 7.fxe3 d6 8.O-O O-O 9.Nc3
Re8 10.d4 exd4 11.exd4 Nxe4 12.Nxe4 Rxe4 13.Nh2 d5 14.Qf3 Be6 15.Ng4 Qg5 16.Bd3 Rxd4
17.Rae1 Re8 18.Qe3 Qxe3+ 19.Rxe3 a6 20.a3 Bd7 21.Rfe1 Be6 22.Rg3 Kf8 23.Nf2 Rf4 24.Nd1
Bf5 25.Rge3 Be4 26.g3 Rf3 27.Bxe4 dxe4 28.Rxe4 Rxg3+ 29.Kh2 Ne7 30.Kxg3 c6 31.Nc3
g6 32.Na4 a5 33.Nb6 f6 34.Nd7+ Kf7 35.Rf4 g5 36.Rxf6+ Kg7 37.Rfe6 Kf7 38.Rxh6 Ng8
39.Ne5+ Rxe5 40.Rxe5 Nxh6 41.Rxg5 a4 42.h4 Ng8 43.h5 b6 44.Rg4 b5 45.Rh4 c5 46.h6
Nxh6 47.Rxh6 b4 48.axb4 cxb4 49.b3 axb3 50.cxb3 Kg7 51.Ra6 Kf7 52.Kf4 Ke7 53.Ke5
Kf7 54.Kf5 Ke7 55.Kg5 Kd7 56.Kf5 Kc7 57.Ke5 Kb7 58.Rh6 Kc7 59.Kd5 Kb7 60.Kc5 Ka7
61.Kb5 Kb7 62.Rh7+ Kc8 63.Kb6 Kd8 64.Kc6 Ke8 65.Kd6 Kf8 66.Ke6 Kg8 67.Ra7 Kf8 68.Rb7
Kg8 69.Kf6 Kh8 70.Kg6 Kg8 71.Rb8#   1-0

[Event "Oberbayerische Jugend-EM 2014/15  U12w/U14w"]
[Site "Riedenburg"]
[Date "2015.02.19"]
[Round "4"]
[White "Krebs, Vanessa"]
[Black "Krebs, Jennifer"]
[Result "0-1"]
[BlackElo "926"]
[WhiteElo "781"]

1.d4 d5 2.Nc3 Nf6 3.e4 e6 4.Bg5 h6 5.Bf4 a6 6.Be2 Bb4 7.exd5 exd5 8.Bh5 Ne4 9.f3 Nxc3
10.bxc3 Bxc3+ 11.Bd2 Bxa1 12.Qxa1 Nc6 13.Qd1 O-O 14.c3 Qh4+ 15.g3 Qxh5 16.Qe2 Qg6
17.g4 Qc2 18.Qg2 Re8+ 19.Ne2 Bd7 20.g5 hxg5 21.Qxg5 g6 22.Qh6 Qd3 23.Bg5 Qxe2#  
0-1

[Event "Oberbayerische Jugend-EM 2014/15  U12w/U14w"]
[Site "Riedenburg"]
[Date "2015.02.19"]
[Round "4"]
[White "Alferova, Ekaterina"]
[Black "Schmid, Hanna"]
[Result "1-0"]
[BlackElo "937"]
[WhiteElo "1195"]

1.e4 e5 2.Nf3 Nc6 3.Bc4 Bc5 4.Nc3 h6 5.d3 Nf6 6.Bd2 d6 7.h3 Be6 8.Bb3 O-O 9.O-O a6
10.Nd5 Ne7 11.Nxf6+ gxf6 12.Bxh6 Re8 13.Nh2 Ng6 14.Ng4 f5 15.exf5 Bxf5 16.Qf3 Qd7
17.Nf6+ Kh8 18.Nxd7 Bxd7 19.Qf6+ Kg8 20.Qg7#   1-0

[Event "Oberbayerische Jugend-EM 2014/15  U12w/U14w"]
[Site "Riedenburg"]
[Date "2015.02.19"]
[Round "4"]
[White "Heinze, Sabrina"]
[Black "Shvartsman, Julia"]
[Result "1/2-1/2"]
[BlackElo "1018"]
[WhiteElo "1080"]

1.e4 e5 2.Nf3 Nc6 3.Bc4 Be7 4.Nc3 d6 5.h3 Nf6 6.d3 Be6 7.Bb3 Qd7 8.Bxe6 fxe6 9.O-O
O-O-O 10.Be3 Kb8 11.a3 d5 12.Bg5 dxe4 13.dxe4 Qxd1 14.Raxd1 Rxd1 15.Rxd1 Rd8 16.Rxd8+
Bxd8 17.Bxf6 Bxf6 18.Kf1 Nd4 19.Nxd4 exd4 20.Ne2 e5 21.Ke1 Bh4 22.g3 Bf6 23.Kd2 b6
24.Nc1 Kb7   1/2-1/2

[Event "Oberbayerische Jugend-EM 2014/15  U12w/U14w"]
[Site "Riedenburg"]
[Date "2015.02.19"]
[Round "5"]
[White "Shvartsman, Julia"]
[Black "Krebs, Vanessa"]
[Result "1-0"]
[BlackElo "781"]
[WhiteElo "1018"]

1.e4 e5 2.Nf3 f6 3.d3 Nc6 4.Be3 Bb4+ 5.c3 Ba5 6.b4 Bb6 7.Be2 Bxe3 8.fxe3 d6 9.Qd2
d5 10.exd5 Qxd5 11.c4 Qd7 12.e4 Qd6 13.c5 Qe6 14.O-O b6 15.cxb6 axb6 16.b5 Na5 17.Qc2
f5 18.Qxc7 fxe4 19.dxe4 Qe7 20.Qxb6 Bb7 21.Nc3 Nf6 22.Qf2 Bxe4 23.b6 Bxf3 24.Bb5+
Nd7 25.Qxf3 e4 26.Nxe4 Rf8 27.Nd6+ Qxd6 28.Qxa8+ Qb8 29.Bxd7+ Kxd7 30.Qd5+ Kc8 31.Rxf8#
  1-0

[Event "Oberbayerische Jugend-EM 2014/15  U12w/U14w"]
[Site "Riedenburg"]
[Date "2015.02.19"]
[Round "5"]
[White "Schmid, Hanna"]
[Black "Heinze, Sabrina"]
[Result "1/2-1/2"]
[BlackElo "1080"]
[WhiteElo "937"]

1.e4 e5 2.Nf3 Nc6 3.Bc4 Bc5 4.d3 d6 5.Be3 Bb6 6.Bxb6 axb6 7.Nc3 Be6 8.Bb3 Nf6 9.h3
Bxb3 10.cxb3 O-O 11.O-O Qd7 12.Nd5 Nxd5 13.exd5 Ne7 14.d4 exd4 15.Qxd4 Qf5 16.Nh4
Qe5 17.Qxe5 dxe5 18.Nf3 Nxd5 19.Nxe5 Rfe8 20.Rae1 f6 21.Nd7 Rxe1 22.Rxe1 Rxa2 23.Re2
Ra1+ 24.Kh2 b5 25.Nc5 Nf4 26.Re4 Ng6 27.Nxb7 Ra2 28.Re2 Ra7 29.Nc5 c6 30.b4 Re7 31.Rxe7
Nxe7 32.g4 Nd5 33.Na6 g6 34.f3 Kg7 35.Kg3 Kf7 36.f4 h6 37.h4 Ke7   1/2-1/2

[Event "Oberbayerische Jugend-EM 2014/15  U12w/U14w"]
[Site "Riedenburg"]
[Date "2015.02.19"]
[Round "5"]
[White "Krebs, Jennifer"]
[Black "Alferova, Ekaterina"]
[Result "0-1"]
[BlackElo "1195"]
[WhiteElo "926"]

1.e4 e5 2.Nf3 Nc6 3.Nc3 Nf6 4.Bc4 Be7 5.O-O d6 6.d3 h6 7.Be3 Bg4 8.h3 Bd7 9.Bd5 O-O
10.Bxc6 Bxc6 11.d4 Nxe4 12.Nxe4 Bxe4 13.dxe5 Bxf3 14.Qxf3 dxe5 15.Qxb7 Qb8 16.Qb3
Qxb3 17.axb3 a6 18.Rfe1 Bd6 19.Bd2 Rfb8 20.Bc3 Rb5 21.Ra4 f6 22.Rd1 Rb6 23.Bd2 Rd8
24.c3 Rxb3 25.Rb1 Rb6 26.Be3 Rc6 27.Rba1 Ra8 28.Bd2 Rb6 29.b4 c5 30.b5 Rxb5 31.Rxa6
Rxa6 32.Rxa6 Bf8 33.c4 Rb2 34.Be3 Rb4 35.Rc6 Rxc4 36.g4 Rc2 37.h4 Rc4 38.f3 Rc3 39.Bf2
Rxf3 40.Rc8 Rc3 41.Bxc5 Rxc5 42.Rxc5 Bxc5+ 43.Kf1 Kf7 44.Ke2 Kg6 45.Kf3 f5 46.Kg3
fxg4 47.Kxg4 e4 48.Kf4 Kh5 49.Kxe4 Kxh4 50.Kf5 g5 51.Kg6 g4 52.Kxh6 g3 53.Kg6 g2
54.Kf6 g1=R 55.Kf5 Rg4 56.Kf6 Rg5 57.Ke6 Kg4 58.Kf6 Kf4 59.Ke6 Ke4 60.Kf6 Re5 61.Kg6
Rf5 62.Kg7 Kf4 63.Kg6 Kg4 64.Kg7 Kg5 65.Kg8 Kg6 66.Kh8 Rf8#   0-1

[Event "Oberbayerische Jugend-EM 2014/15  U12w/U14w"]
[Site "Riedenburg"]
[Date "2015.02.20"]
[Round "6"]
[White "Krebs, Vanessa"]
[Black "Alferova, Ekaterina"]
[Result "0-1"]
[BlackElo "1195"]
[WhiteElo "781"]

1.e4 e5 2.Qf3 Nc6 3.Bc4 Qf6 4.d3 Be7 5.h4 d6 6.Bg5 Qxf3 7.gxf3 Nf6 8.Nc3 Bd7 9.O-O-O
h6 10.Bxf6 Bxf6 11.Nd5 O-O-O 12.Nxf6 gxf6 13.Bxf7 Rhf8 14.Bd5 f5 15.Bxc6 Bxc6 16.exf5
Rxf5 17.Ne2 Bxf3 18.Rhe1 Bxe2 19.Rxe2 Rdf8 20.a3 Rxf2 21.Rxf2 Rxf2 22.Rd2 Rf1+ 23.Rd1
Rxd1+ 24.Kxd1 Kd7 25.h5 Ke6 26.b4 Kf5 27.b5 Kg5 28.Ke1 Kxh5 29.Kf1 Kg4 30.Kg1 h5
31.Kh1 h4 32.c4 Kf3 33.d4 exd4 34.b6 cxb6 35.a4 d3 36.c5 dxc5 37.Kh2 d2 38.Kh3 d1=Q
39.Kxh4 Kf4 40.a5 Qg4#   0-1

[Event "Oberbayerische Jugend-EM 2014/15  U12w/U14w"]
[Site "Riedenburg"]
[Date "2015.02.20"]
[Round "6"]
[White "Krebs, Jennifer"]
[Black "Heinze, Sabrina"]
[Result "1/2-1/2"]
[BlackElo "1080"]
[WhiteElo "926"]

1.e4 e5 2.Nf3 Nc6 3.Nc3 Bc5 4.Bc4 d6 5.d3 Bg4 6.Bg5 f6 7.Bd2 Nd4 8.h3 Nxf3+ 9.gxf3
Bd7 10.Bb5 Bxb5 11.Nxb5 Qd7 12.Nc3 Ne7 13.Qe2 O-O-O 14.O-O-O Nc6 15.Be3 Bb4 16.Nd5
Ba5 17.Bd2 Bxd2+ 18.Qxd2 Ne7 19.d4 Nxd5 20.exd5 Qb5 21.dxe5 dxe5 22.Qd3 Qxd3 23.Rxd3
Rd6 24.Rhd1 Rhd8 25.c4 c6 26.h4 cxd5 27.cxd5 Kb8 28.Kb1 Rc8 29.Rc1 Rxc1+ 30.Kxc1
h6 31.Kc2 b6 32.Kc3 Kb7 33.Kd2 b5 34.Ke3 Kb6 35.f4 exf4+ 36.Kxf4 g6 37.Ke4 Kc5 38.a3
a5 39.Rd4 h5 40.b4+ axb4 41.axb4+ Kb6 42.f4 Kc7 43.Rd3 Kc8   1/2-1/2

[Event "Oberbayerische Jugend-EM 2014/15  U12w/U14w"]
[Site "Riedenburg"]
[Date "2015.02.20"]
[Round "6"]
[White "Schmid, Hanna"]
[Black "Shvartsman, Julia"]
[Result "1/2-1/2"]
[BlackElo "1018"]
[WhiteElo "937"]

1.e4 e5 2.Nf3 d6 3.Bc4 Nc6 4.d3 Nf6 5.h3 Be6 6.Bb3 Be7 7.O-O Qd7 8.Be3 O-O 9.Nc3 a6
10.Ng5 d5 11.exd5 Bxd5 12.Bxd5 Nxd5 13.Nxd5 Qxd5 14.Qf3 Bxg5 $4 15.Bxg5 $4 Qxf3 16.gxf3
Rfe8 17.Rfe1 h6 18.Be3 Nd4 19.Bxd4 exd4 20.Rxe8+ Rxe8 21.c3 dxc3 22.bxc3 b6 23.Kf1
a5 24.a4 Rd8 25.d4 c5 26.dxc5   1/2-1/2

[Event "Oberbayerische Jugend-EM 2014/15  U12w/U14w"]
[Site "Riedenburg"]
[Date "2015.02.20"]
[Round "7"]
[White "Schmid, Hanna"]
[Black "Krebs, Vanessa"]
[Result "1-0"]
[BlackElo "781"]
[WhiteElo "937"]

1.e4 e5 2.Nf3 Nf6 3.Nc3 d6 4.Bc4 Bg4 5.h3 Bxf3 6.Qxf3 Be7 7.d3 O-O 8.Qg3 Nh5 9.Qg4
g6 10.Bh6 d5 11.Bxf8 Qxf8 12.Bxd5 Bb4 13.Bxb7 Bxc3+ 14.bxc3 Nd7 15.Bxa8 Qxa8 16.Qxd7
Qb8 17.O-O f5 18.Rab1 Qf8 19.Qxc7 Nf4 20.Rb8 Ne2+ 21.Kh1 g5 22.Rxf8+ Kxf8 23.Rb1
Ng3+ 24.fxg3 f4 25.Rb8#   1-0

[Event "Oberbayerische Jugend-EM 2014/15  U12w/U14w"]
[Site "Riedenburg"]
[Date "2015.02.20"]
[Round "7"]
[White "Shvartsman, Julia"]
[Black "Krebs, Jennifer"]
[Result "1-0"]
[BlackElo "926"]
[WhiteElo "1018"]

1.e4 e5 2.Nf3 Nc6 3.Be2 Bc5 4.d3 Nf6 5.Nc3 Ng4 6.O-O Bxf2+ 7.Rxf2 Nxf2 8.Kxf2 O-O
9.Kg1 d6 10.Qe1 h6 11.Qg3 Nb4 12.Bxh6 Qf6 13.Bg5 Qe6 14.Nb5 Na6 15.Qh4 Re8 16.Bd2
Qg4 17.Qxg4 Bxg4 18.h3 Bh5 19.Re1 Bg6 20.Nh4 Re6 21.Bg4 Re7 22.Nxg6 fxg6 23.Rf1 Rf8
24.Rxf8+ Kxf8 25.Nxa7 c6 26.Nc8 Rc7 27.Nxd6 Ke7 28.Nc4 b5 29.Bg5+ Kf8 30.Nxe5 Nc5
31.Nxg6+ Kf7 32.Bf5 Ne6 33.Ne5+ Kf8 34.Bxe6 Ke8 35.Ng6 c5 36.e5 Rc6 37.Bf5 Kf7 38.e6+
Ke8 39.e7 Rc7 40.Ne5 Rb7 41.Bg6#   1-0

[Event "Oberbayerische Jugend-EM 2014/15  U12w/U14w"]
[Site "Riedenburg"]
[Date "2015.02.20"]
[Round "7"]
[White "Heinze, Sabrina"]
[Black "Alferova, Ekaterina"]
[Result "1/2-1/2"]
[BlackElo "1195"]
[WhiteElo "1080"]

1.e4 e5 2.Nf3 Nc6 3.Bc4 Be7 4.Nc3 Nf6 5.d3 d6 6.h3 Bd7 7.Bg5 h6 8.Bh4 a6 9.O-O O-O
10.Qd2 Nh5 11.Bxe7 Qxe7 12.Nd5 Qd8 13.Bb3 Ne7 14.Nc3 Qc8 15.Kh2 Nf4 16.Ng1 Neg6 17.Nce2
Kh7 18.Nxf4 Nxf4 19.Rfe1 f5 20.c3 fxe4 21.Rxe4 Rf6 22.Re3 Bf5 23.d4 Rg6 24.Rg3 Qe8
25.Ne2 Nxe2 26.Qxe2 Rxg3 27.Kxg3 exd4 28.Qxe8 Rxe8 29.cxd4 Re2 30.Rc1 c6 31.d5 cxd5
32.Bxd5 Rxb2 33.Rc7 Bb1 34.a3 Bd3   1/2-1/2

[Event "Oberbayerische Jugend-EM 2014/15  U12w/U14w"]
[Site "Riedenburg"]
[Date "2015.02.20"]
[Round "8"]
[White "Krebs, Vanessa"]
[Black "Heinze, Sabrina"]
[Result "0-1"]
[BlackElo "1080"]
[WhiteElo "781"]

1.e4 e5 2.Qf3 Nf6 3.Bc4 Bc5 4.Ne2 Nc6 5.O-O O-O 6.Qg3 Nxe4 7.Qf3 Nf6 8.d3 d5 9.Bb5
Bg4 10.Qg3 Bxe2 11.Re1 Bh5 12.Bg5 Nd4 13.Ba4 b5 14.Bb3 Ne2+ 15.Rxe2 Bxe2 16.Bxf6
Qxf6 17.Nc3 Bh5 18.Bxd5 Rab8 19.Ne4 Qb6 20.Qxe5 Bg6 21.Nxc5 Rfe8 22.Ne6 fxe6 23.Bb3
Qd6 24.Re1 Qxe5 25.Rxe5 Rb6 26.d4 Rc6 27.d5 exd5 28.Bxd5+ Kf8 29.Rxe8+ Bxe8 30.Bxc6
Bxc6 31.c3 Ke7 32.b4 Kd6 33.c4 bxc4 34.a4 c3 35.g3 c2 36.b5 c1=Q#   0-1

[Event "Oberbayerische Jugend-EM 2014/15  U12w/U14w"]
[Site "Riedenburg"]
[Date "2015.02.20"]
[Round "8"]
[White "Alferova, Ekaterina"]
[Black "Shvartsman, Julia"]
[Result "0-1"]
[BlackElo "1018"]
[WhiteElo "1195"]

1.e4 e5 2.Nf3 d6 3.h3 Be7 4.Bc4 Nf6 5.d3 Be6 6.Bb3 d5 7.exd5 Bxd5 8.Bxd5 Nxd5 9.Nxe5
Nc6 10.Nxc6 bxc6 11.Qf3 O-O 12.a3 Bg5 13.Bxg5 Qxg5 14.O-O Qe5 15.c3 Qf4 16.Qxf4 Nxf4
17.d4 Nd3 18.Ra2 c5 19.Rd1 c4 20.Nd2 Rab8 21.Nxc4 Nf4 22.Raa1 Rb5 23.Rab1 Rg5 24.Ne3
Nxh3+ 25.Kf1 Nf4 26.g3 Nh3 27.d5 Rg6 28.Nf5 Rf6 29.Ne7+ Kh8 30.Rd2 Re8 31.Re1 Rf8
32.Nc6 h6 33.Nxa7 Rd8 34.Nc6 Rxd5 35.Rxd5 $4 Rxf2#   0-1

[Event "Oberbayerische Jugend-EM 2014/15  U12w/U14w"]
[Site "Riedenburg"]
[Date "2015.02.20"]
[Round "8"]
[White "Krebs, Jennifer"]
[Black "Schmid, Hanna"]
[Result "0-1"]
[BlackElo "937"]
[WhiteElo "926"]

1.e4 e5 2.Nf3 Nc6 3.Nc3 Bc5 4.Bc4 h6 5.d3 d6 6.h3 Be6 7.Bxe6 fxe6 8.O-O Nf6 9.Re1
O-O 10.Be3 Bb6 11.Bxb6 axb6 12.d4 exd4 13.Nxd4 Nxd4 14.Qxd4 e5 15.Qd3 Nh7 16.Qd5+
Kh8 17.Qxb7 Qf6 18.f3 Rac8 19.Rf1 Qf4 20.Ne2 Qe3+ 21.Rf2 Qd2 22.Qc6 Rf6 23.Qc3 Qxc3
24.Nxc3 Rcf8 25.Raf1 c5 26.Nd5 Rg6 27.Nxb6 Ng5 28.Nd5 Nxh3+ 29.Kh2 Nxf2 30.Rxf2 Rg5
31.f4 Rh5+ 32.Kg1 Rb8 33.b3 Ra8 34.a4 Rf8 35.g3 exf4 36.Nxf4 Rg5 37.Kg2 Kh7 38.Ne6
Rxf2+ 39.Kxf2 Rh5 40.Ke3 d5 41.Nf4 Re5 42.Nxd5 Rg5 43.Kf3 g6 44.c3 h5 45.Ne3 Re5
46.b4 g5 47.Nc4 Re6 48.bxc5 Rf6+ 49.Kg2 h4 50.Ne3 Rc6 51.Nd5 Rxc5 52.Kh3 hxg3 53.Kxg3
Rc4 54.Kg4 Kh6 55.Kf5 Rxa4 56.Ne3 Ra5+ 57.Kg4 Ra3 58.Nd5 Ra4 59.Kf3 Kh5 60.Ne3 Ra3
61.Nd5 g4+ 62.Kg3 Kg5 63.e5 Kf5 64.Ne3+ Kxe5 65.Kxg4 Rxc3 66.Kf3 Kd4 67.Kf4 Rxe3
68.Kf5 Re1 69.Kf4 Rf1+ 70.Kg4 Ke3 71.Kg5 Ke4 72.Kg4 Rg1+ 73.Kh4 Kf3 74.Kh3 Rh1# 
 0-1

[Event "Oberbayerische Jugend-EM 2014/15  U12w/U14w"]
[Site "Riedenburg"]
[Date "2015.02.21"]
[Round "9"]
[White "Krebs, Jennifer"]
[Black "Krebs, Vanessa"]
[Result "0-1"]
[BlackElo "781"]
[WhiteElo "926"]

1.e4 e5 2.Nf3 Qf6 3.Nc3 Bb4 4.a3 Bc5 5.d3 Qb6 6.Qe2 d6 7.Be3 Qxb2 8.Rd1 Bxa3 9.Qd2
Bb4 10.d4 Be6 11.Ke2 Bg4 12.Nb5 Bxd2 13.Bxd2 {Ab hier Notation unverstaendlich.}
  0-1

[Event "Oberbayerische Jugend-EM 2014/15  U12w/U14w"]
[Site "Riedenburg"]
[Date "2015.02.21"]
[Round "9"]
[White "Schmid, Hanna"]
[Black "Alferova, Ekaterina"]
[Result "0-1"]
[BlackElo "1195"]
[WhiteElo "937"]

1.e4 e5 2.Nf3 Nc6 3.Bc4 Be7 4.d3 h6 5.Nc3 Nf6 6.h3 d6 7.Be3 Bd7 8.Qd2 a6 9.O-O-O b5
10.Bb3 Na5 11.Bd5 c6 12.Bb3 Nxb3+ 13.axb3 a5 14.Kb1 a4 15.bxa4 bxa4 16.Na2 Qb8 17.Qb4
O-O 18.Qd2 a3 19.b3 Be6 20.Qb4 c5 21.Qxb8 Rfxb8 22.Nd2 Bd8 23.Rc1 Ba5 24.c3 Bxb3
25.Nxb3 Rxb3+ 26.Ka1 c4 27.Bd2 cxd3 28.Rb1 Rab8 29.Rxb3 Rxb3 30.Rb1 Rxb1+ 31.Kxb1
Nxe4 32.Be3 Nxc3+ 33.Ka1 Nxa2 34.Kxa2 d2 35.Bxd2 Bxd2 36.Kxa3 f5 37.Kb3 Be1 38.Kc2
Bxf2 39.Kd2 Kf7 40.Ke2 Bd4 41.Kf3 g5 42.g3 Kg6 43.g4 fxg4+ 44.Kxg4 h5+ 45.Kg3 Kf5
46.h4 gxh4+ 47.Kxh4 e4 48.Kg3 h4+ 49.Kxh4 Kf4 50.Kh3 Kf3 51.Kh2 e3 52.Kg1 e2+   0-1

[Event "Oberbayerische Jugend-EM 2014/15  U12w/U14w"]
[Site "Riedenburg"]
[Date "2015.02.21"]
[Round "9"]
[White "Shvartsman, Julia"]
[Black "Heinze, Sabrina"]
[Result "1/2-1/2"]
[BlackElo "1080"]
[WhiteElo "1018"]

1.e4 e5 2.Nf3 Nc6 3.Bc4 Bc5 4.Nc3 d6 5.d3 h6 6.Be3 Bb6 7.O-O Nf6 8.Qe2 Na5 9.b3 Nxc4
10.bxc4 Be6 11.Rab1 O-O 12.Nd5 Nxd5 13.cxd5 Bg4 14.c3 Qd7 15.d4 exd4 16.Bxd4 Bxd4
17.cxd4 Rab8 18.e5 dxe5 19.Nxe5 Bxe2 20.Nxd7 Bxf1 21.Nxf8 Kxf8 22.Kxf1 b6 23.Re1
Re8 24.Re5 Rxe5 25.dxe5 Ke7 26.Ke2 a6 27.Ke3 Kd7   1/2-1/2

[Event "Oberbayerische Jugend-EM 2014/15  U12w/U14w"]
[Site "Riedenburg"]
[Date "2015.02.21"]
[Round "10"]
[White "Krebs, Vanessa"]
[Black "Shvartsman, Julia"]
[Result "0-1"]
[BlackElo "1018"]
[WhiteElo "781"]

1.e4 e5 2.Qf3 Nf6 3.Bc4 Nc6 4.d3 Nd4 5.Qg3 Nxc2+ 6.Kd1 Nxa1 7.Bg5 d6 8.Bxf6 Qxf6 9.Qf3
Qxf3+ 10.Nxf3 Be7 11.d4 exd4 12.e5 dxe5 13.Nxe5 O-O 14.Re1 Bd6 15.Nd3 Bb4 16.Nxb4
a5 17.Nd5 Bd7 18.Nxc7 Rac8 19.Re7 Rxc7 20.Bd3 Bg4+ 21.Kd2 Rxe7 22.f3 Be6 23.g4 Bxa2
24.Na3 Nb3+ 25.Kc2 Nc5 26.Bf5 Re2+ 27.Kd1 Rxh2 28.Bd3 Nxd3 29.Nc2 Bb3 30.g5 Bxc2#
  0-1

[Event "Oberbayerische Jugend-EM 2014/15  U12w/U14w"]
[Site "Riedenburg"]
[Date "2015.02.21"]
[Round "10"]
[White "Heinze, Sabrina"]
[Black "Schmid, Hanna"]
[Result "1/2-1/2"]
[BlackElo "937"]
[WhiteElo "1080"]

1.e4 e5 2.Nf3 Nc6 3.Bc4 Bc5 4.d3 h6 5.Nc3 Nf6 6.O-O d6 7.h3 Be6 8.Bxe6 fxe6 9.Be3
Bxe3 10.fxe3 O-O 11.Nd2 Nd7 12.Rxf8+ Qxf8 13.Qf1 Qxf1+ 14.Rxf1 Rf8 15.Rxf8+ Kxf8
16.Nb3 b6 17.d4 exd4 18.Nxd4 Nxd4 19.exd4 e5 20.dxe5 dxe5 21.Kf2 Nb8 22.g3 Nc6 23.Nb5
Nb4 24.Nxc7 Nxa2 25.Nb5 Nb4 26.Nxa7 Nxc2 27.b3 Nd4 28.Nc8 Nxb3 29.Nxb6 Nc5 30.Nc4
Nxe4+ 31.Kf3 Ng5+ 32.Kg4 Ne6 33.Nxe5 Ng5 34.Nf3 Nxf3 35.Kxf3 g5 36.h4 gxh4 37.gxh4
Kg7 38.Kg4 Kg6 39.h5+ Kg7 40.Kf5 Kh7 41.Kf6 Kg8 42.Kg6 Kh8 43.Kxh6 Kg8 44.Kg6   1/2-1/2

[Event "Oberbayerische Jugend-EM 2014/15  U12w/U14w"]
[Site "Riedenburg"]
[Date "2015.02.21"]
[Round "10"]
[White "Alferova, Ekaterina"]
[Black "Krebs, Jennifer"]
[Result "1-0"]
[BlackElo "926"]
[WhiteElo "1195"]

1.e4 e5 2.Nf3 Nc6 3.Bc4 h6 4.Nc3 Nf6 5.d3 d6 6.h3 a6 7.Be3 Qe7 8.Nd5 Nxd5 9.Bxd5 Nb4
10.Bb3 c6 11.c3 a5 12.cxb4 axb4 13.Qd2 c5 14.Qc2 Be6 15.Ba4+ Bd7 16.Bxd7+ Qxd7 17.Ke2
Qe6 18.Qb3 Qxb3 19.axb3 Ra6 20.Rxa6 bxa6 21.Ra1 Be7 22.Rxa6 g6 23.Ra8+ Bd8 24.Nd2
g5 25.Nc4 Ke7 26.g4 f6 27.Nb6 Rf8 28.Nd5+ Ke6 29.f3 Re8 30.Nc7+ Bxc7 31.Rxe8+ Kd7
32.Rh8 Ke7 33.Rxh6 Ke6 34.Bxg5 Bd8 35.Be3 Ke7 36.g5 Ke6 37.gxf6 Kf7 38.f4 Bxf6 39.Rxf6+
Kxf6 40.fxe5+ Kxe5 41.h4 Kf6 42.h5 Kg7 43.Bxc5 dxc5 44.e5 Kh6 45.e6 Kxh5 46.e7 Kh6
47.e8=R Kh7 48.Rf8 Kg6 49.Ke3 Kg7 50.Rf1 Kg6 51.Ke4 Kh6 52.Rg1 Kh5 53.Kf5 Kh6 54.Rg5
Kh7 55.Rg6 Kh8 56.Kf6 Kh7 57.Kf7 Kh8 58.Rh6#   1-0